000 00627nam a22002177a 4500
005 20250913095841.0
008 250913b |||||||| |||| 00| 0 eng d
020 _a9789358496987
040 _aIN-DiNC
_cIN-DiNC
041 _deng
082 _a371.3
_bDEK
100 _aDeka, Nabanita
_eauthor
245 _aMethods and techniques of teaching (SEC304)/
_cby Nabanita Deka, Lokman Ali and Navajyoti Konwar
250 _a1st ed.
260 _aDibrugarh:
_bBanalata,
_c2024.
300 _a415p.
650 _aMethods of teaching
700 _aAli, Lokman
_eauthor
700 _aKonwar, Nabajyoti
_eauthor
942 _2ddc
_cBK
999 _c12265
_d12265